000 01462nam a2200313 i 4500
003 OSt
005 20240728121300.0
008 240728s2022 -ukao j 001 0 eng d
020 _a9781789894592
_cRM 40.00
_qpaperback
040 _aPPAK
_beng
_cPPAK
_erda
082 0 4 _223
_a551.5078
090 0 0 _a551.5078
_bSTE
_dK
100 1 _aSteele, Philip,
_d1948-
_eauthor.
245 1 0 _aProject Weather /
_cPhilip Steele ; Consultant: Anne Rooney
264 1 _aThaxted, Essex, UK
_bMiles Kelly Publishing Ltd.,
_c2022
300 _a32 pages :
_bcolour illustrations, colour photographs ;
_c28 cm
336 _atext
_2rdacontent
337 _aunmediated
_2rdamedia
338 _avolume
_2rdacarrier
500 _aIncludes index
500 _aStep-by-step projects to try! -- Cover
500 _aBursting with super-cool facts! -- Cover
520 _aPacked with super-cool facts and hands-on activities, 'Project Weather' helps children to really engage with a core topic. From the midnight Sun to the water cycle, each spread features photos, stunning artwork and fun cartoons. Step-by-step illustrated projects throughout encourage practical learning - readers can find out how salt stops things from freezing, make their own rain gauge, and build a barometer
521 _aAge 7+
650 1 0 _aWeather
_xExperiments
_vJuvenile literature
655 _aLift-the-flap books
700 1 _aRooney, Anne,
_econsultant.
942 _2ddc
_cB
999 _c196337
_d196337